| 000 | 00576nam a2200193 u 4500 | ||
|---|---|---|---|
| 005 | 20210223130457.0 | ||
| 008 | 080602s2002 cl r 000 0 spa d | ||
| 020 | _a9583009679 | ||
| 035 | _aUPN01000156575 | ||
| 049 | _aI | ||
| 050 | 4 |
_aPZ74.3 _bP8.7 |
|
| 100 | 1 |
_aPuccini de Rosado, Nora, _d1940- |
|
| 245 | 1 | 0 |
_aSalpicón / _cNora Puccini de Rosado ; il. de Carlos Manuel Díaz Consuegra. |
| 260 |
_aBogotá : _bPanamericana, _c2002. |
||
| 300 |
_a[42] p. : _bil. col. |
||
| 440 | 0 | _aQue pase el tren | |
| 650 | 4 |
_aPOESIA INFANTIL COLOMBIANA _913987 |
|
| 905 | _aInfantil | ||
| 999 |
_c128689 _d128689 |
||